000 01485nam a2200361 i 4500
001 132587
003 ES-MaACL
005 20230906194216.0
007 t|
008 070214s1979 sp bd |||| | spa d
020 _a84-249-3533-0 (rúst.)
080 _a82-14:061.3(100)"1977"
080 _a82-13:061.3(100)"1977"
111 2 _aColoquio Internacional sobre el Romancero (
_n2º.
_d1979.
_cCalifornia)
_9135063
245 1 3 _aEl romancero hoy
_b: poética : 2º Coloquio internacional, University of California, Davis, Cátedra Seminario Menéndez Pical /
_cedición a cargo Diego Catalán, Samuel G. Armistead, Antonio Sánchez Romeralo.
246 3 1 _aThe Hispanic ballad today
_b: poetics
260 _aMadrid :
_bGredos,
_c1979.
300 _a403 p. :
_bgráf., mapas ;
_c24 cm.
490 1 _aRomancero y poesía oral ;
_v3
500 _aÍndices.
504 _aBibliografía: p. [367]-389.
546 _aPort. y textos en español o inglés.
594 _aEn port.: Cátedra Seminario Menéndez Pidal.
650 4 _aRomances-
_vCongresos y asambleas.
_9146979
700 1 _aCatalán, Diego.
_937019
700 1 _aArmistead, Samuel G.
_922992
700 1 _aSánchez Romeralo, Antonio.
_9102898
710 2 _aUniversity of California, Davis.
_9146980
710 2 _aUniversidad Complutense de Madrid.
_bSeminario Menéndez Pidal.
_97134
830 0 _aRomancero y poesía oral ;
_v3
_9186899
852 _aES-MaACL
_jP-1986
_xL-90
_d
999 _c132587
_d132587